<?xml version="1.0" encoding="UTF-8"?>
<record
    xmlns:xsi="http://www.w3.org/2001/XMLSchema-instance"
    xsi:schemaLocation="http://www.loc.gov/MARC21/slim http://www.loc.gov/standards/marcxml/schema/MARC21slim.xsd"
    xmlns="http://www.loc.gov/MARC21/slim">

  <leader>02571nam2a2200325   4500</leader>
  <controlfield tag="001">RU\NLR\BIBL_A\022475875</controlfield>
  <controlfield tag="005">20260426070545.0</controlfield>
  <datafield tag="010" ind1=" " ind2=" ">
    <subfield code="a">978-5-8381-0487-8</subfield>
    <subfield code="9">500</subfield>
  </datafield>
  <datafield tag="021" ind1=" " ind2=" ">
    <subfield code="a">RU</subfield>
    <subfield code="b">&#x41A;&#x41D;-&#x41F;-24-085632</subfield>
    <subfield code="9">&#x41A;&#x41D;-&#x41F;-24-8506</subfield>
  </datafield>
  <datafield tag="035" ind1=" " ind2=" ">
    <subfield code="a">(NLR Aleph) 022475875</subfield>
  </datafield>
  <datafield tag="090" ind1=" " ind2=" ">
    <subfield code="a">13691491</subfield>
    <subfield code="c">13691491</subfield>
  </datafield>
  <datafield tag="100" ind1=" " ind2=" ">
    <subfield code="a">20250303d2024    k  y0rusy50      ca</subfield>
  </datafield>
  <datafield tag="101" ind1="0" ind2=" ">
    <subfield code="a">rus</subfield>
    <subfield code="a">chi</subfield>
    <subfield code="d">eng</subfield>
  </datafield>
  <datafield tag="102" ind1=" " ind2=" ">
    <subfield code="a">RU</subfield>
  </datafield>
  <datafield tag="105" ind1=" " ind2=" ">
    <subfield code="a">ac||z|||100yy</subfield>
  </datafield>
  <datafield tag="200" ind1="0" ind2=" ">
    <subfield code="a">2024</subfield>
    <subfield code="e">&#x438;&#x437;&#x431;&#x440;&#x430;&#x43D;&#x43D;&#x44B;&#x435; &#x43C;&#x430;&#x442;&#x435;&#x440;&#x438;&#x430;&#x43B;&#x44B; &#x41C;&#x435;&#x436;&#x434;&#x443;&#x43D;&#x430;&#x440;&#x43E;&#x434;&#x43D;&#x43E;&#x439; &#x43D;&#x430;&#x443;&#x447;&#x43D;&#x43E;&#x439; &#x43A;&#x43E;&#x43D;&#x444;&#x435;&#x440;&#x435;&#x43D;&#x446;&#x438;&#x438; &#x41A;&#x438;&#x442;&#x430;&#x439; &#x438; &#x412;&#x43E;&#x441;&#x442;&#x43E;&#x447;&#x43D;&#x430;&#x44F; &#x410;&#x437;&#x438;&#x44F;: &#x444;&#x438;&#x43B;&#x43E;&#x441;&#x43E;&#x444;&#x438;&#x44F;, &#x43B;&#x438;&#x442;&#x435;&#x440;&#x430;&#x442;&#x443;&#x440;&#x430;, &#x43A;&#x443;&#x43B;&#x44C;&#x442;&#x443;&#x440;&#x430;", [&#x41C;&#x43E;&#x441;&#x43A;&#x432;&#x430;, &#x438;&#x44E;&#x43D;&#x44C; 2024 &#x433;.]</subfield>
    <subfield code="f">&#x41C;&#x438;&#x43D;&#x438;&#x441;&#x442;&#x435;&#x440;&#x441;&#x442;&#x432;&#x43E; &#x43D;&#x430;&#x443;&#x43A;&#x438; &#x438; &#x432;&#x44B;&#x441;&#x448;&#x435;&#x433;&#x43E; &#x43E;&#x431;&#x440;&#x430;&#x437;&#x43E;&#x432;&#x430;&#x43D;&#x438;&#x44F; &#x420;&#x43E;&#x441;&#x441;&#x438;&#x439;&#x441;&#x43A;&#x43E;&#x439; &#x424;&#x435;&#x434;&#x435;&#x440;&#x430;&#x446;&#x438;&#x438;, &#x418;&#x43D;&#x441;&#x442;&#x438;&#x442;&#x443;&#x442; &#x41A;&#x438;&#x442;&#x430;&#x44F; &#x438; &#x441;&#x43E;&#x432;&#x440;&#x435;&#x43C;&#x435;&#x43D;&#x43D;&#x43E;&#x439; &#x410;&#x437;&#x438;&#x438; &#x420;&#x43E;&#x441;&#x441;&#x438;&#x439;&#x441;&#x43A;&#x43E;&#x439; &#x430;&#x43A;&#x430;&#x434;&#x435;&#x43C;&#x438;&#x438; &#x43D;&#x430;&#x443;&#x43A;, &#x426;&#x435;&#x43D;&#x442;&#x440; &#x438;&#x437;&#x443;&#x447;&#x435;&#x43D;&#x438;&#x44F; &#x43A;&#x443;&#x43B;&#x44C;&#x442;&#x443;&#x440;&#x44B; &#x41A;&#x438;&#x442;&#x430;&#x44F;</subfield>
    <subfield code="g">&#x43E;&#x442;&#x432;&#x435;&#x442;&#x441;&#x442;&#x432;&#x435;&#x43D;&#x43D;&#x44B;&#x439; &#x440;&#x435;&#x434;&#x430;&#x43A;&#x442;&#x43E;&#x440;: &#x412;. &#x411;. &#x412;&#x438;&#x43D;&#x43E;&#x433;&#x440;&#x43E;&#x434;&#x441;&#x43A;&#x430;&#x44F;</subfield>
  </datafield>
  <datafield tag="210" ind1=" " ind2=" ">
    <subfield code="a">&#x41C;&#x43E;&#x441;&#x43A;&#x432;&#x430;</subfield>
    <subfield code="c">&#x418;&#x41A;&#x421;&#x410; &#x420;&#x410;&#x41D;</subfield>
    <subfield code="d">2024</subfield>
  </datafield>
  <datafield tag="215" ind1=" " ind2=" ">
    <subfield code="a">283, [3] &#x441;.</subfield>
    <subfield code="c">&#x438;&#x43B;., &#x43F;&#x43E;&#x440;&#x442;&#x440;., &#x446;&#x432;. &#x438;&#x43B;.</subfield>
  </datafield>
  <datafield tag="300" ind1=" " ind2=" ">
    <subfield code="a">&#x427;&#x430;&#x441;&#x442;&#x44C; &#x442;&#x435;&#x43A;&#x441;&#x442;&#x430; &#x43A;&#x438;&#x442;.; &#x420;&#x435;&#x437;. &#x430;&#x43D;&#x433;&#x43B;.</subfield>
  </datafield>
  <datafield tag="320" ind1=" " ind2=" ">
    <subfield code="a">&#x411;&#x438;&#x431;&#x43B;&#x438;&#x43E;&#x433;&#x440;. &#x432; &#x43A;&#x43E;&#x43D;&#x446;&#x435; &#x441;&#x442;.</subfield>
  </datafield>
  <datafield tag="461" ind1=" " ind2="0">
    <subfield code="1">001RU\NLR\bibl\1909876</subfield>
    <subfield code="1">2001#$a&#x427;&#x435;&#x43B;&#x43E;&#x432;&#x435;&#x43A; &#x438; &#x43A;&#x443;&#x43B;&#x44C;&#x442;&#x443;&#x440;&#x430; &#x412;&#x43E;&#x441;&#x442;&#x43E;&#x43A;&#x430;$e&#x438;&#x441;&#x441;&#x43B;&#x435;&#x434;&#x43E;&#x432;&#x430;&#x43D;&#x438;&#x44F; &#x438; &#x43F;&#x435;&#x440;&#x435;&#x432;&#x43E;&#x434;&#x44B;$e[&#x43C;&#x430;&#x442;&#x435;&#x440;&#x438;&#x430;&#x43B;&#x44B; &#x43F;&#x43E;&#x441;&#x442;&#x43E;&#x44F;&#x43D;&#x43D;&#x43E; &#x434;&#x435;&#x439;&#x441;&#x442;&#x432;&#x443;&#x44E;&#x449;&#x435;&#x433;&#x43E; &#x441;&#x435;&#x43C;&#x438;&#x43D;&#x430;&#x440;&#x430;$f&#x441;&#x43E;&#x441;&#x442;. &#x438; &#x43E;&#x442;&#x432;. &#x440;&#x435;&#x434;.: &#x43A;.&#x444;.&#x43D;. &#x412;.&#x411;. &#x412;&#x438;&#x43D;&#x43E;&#x433;&#x440;&#x43E;&#x434;&#x441;&#x43A;&#x430;&#x44F;]$v2024</subfield>
    <subfield code="9">3028278</subfield>
    <subfield code="c">&#x41C;&#x43E;&#x441;&#x43A;&#x432;&#x430;</subfield>
    <subfield code="d">2009</subfield>
    <subfield code="f">&#x441;&#x43E;&#x441;&#x442;. &#x438; &#x43E;&#x442;&#x432;. &#x440;&#x435;&#x434;.: &#x43A;.&#x444;.&#x43D;. &#x412;.&#x411;. &#x412;&#x438;&#x43D;&#x43E;&#x433;&#x440;&#x43E;&#x434;&#x441;&#x43A;&#x430;&#x44F;]</subfield>
    <subfield code="n">&#x418;&#x414;&#x412; &#x420;&#x410;&#x41D;</subfield>
    <subfield code="o">&#x438;&#x441;&#x441;&#x43B;&#x435;&#x434;&#x43E;&#x432;&#x430;&#x43D;&#x438;&#x44F; &#x438; &#x43F;&#x435;&#x440;&#x435;&#x432;&#x43E;&#x434;&#x44B; : [&#x43C;&#x430;&#x442;&#x435;&#x440;&#x438;&#x430;&#x43B;&#x44B; &#x43F;&#x43E;&#x441;&#x442;&#x43E;&#x44F;&#x43D;&#x43D;&#x43E; &#x434;&#x435;&#x439;&#x441;&#x442;&#x432;&#x443;&#x44E;&#x449;&#x435;&#x433;&#x43E; &#x441;&#x435;&#x43C;&#x438;&#x43D;&#x430;&#x440;&#x430;</subfield>
    <subfield code="t">&#x427;&#x435;&#x43B;&#x43E;&#x432;&#x435;&#x43A; &#x438; &#x43A;&#x443;&#x43B;&#x44C;&#x442;&#x443;&#x440;&#x430; &#x412;&#x43E;&#x441;&#x442;&#x43E;&#x43A;&#x430;</subfield>
    <subfield code="v">2024</subfield>
  </datafield>
  <datafield tag="606" ind1="1" ind2=" ">
    <subfield code="a">&#x41A;&#x438;&#x442;&#x430;&#x439;&#x441;&#x43A;&#x430;&#x44F; &#x43B;&#x438;&#x442;&#x435;&#x440;&#x430;&#x442;&#x443;&#x440;&#x430;</subfield>
    <subfield code="j">&#x421;&#x44A;&#x435;&#x437;&#x434;&#x44B;, &#x441;&#x43E;&#x432;&#x435;&#x449;&#x430;&#x43D;&#x438;&#x44F; &#x438; &#x442;.&#x43F;</subfield>
    <subfield code="9">1200335</subfield>
    <subfield code="3">RU\NLR\AUTH\66485802</subfield>
  </datafield>
  <datafield tag="686" ind1="1" ind2=" ">
    <subfield code="a">&#x428;5(5&#x41A;&#x438;&#x442;)&#x44F;431</subfield>
  </datafield>
  <datafield tag="702" ind1=" " ind2="1">
    <subfield code="4">340</subfield>
    <subfield code="7">ca</subfield>
    <subfield code="8">rus</subfield>
    <subfield code="a">&#x412;&#x438;&#x43D;&#x43E;&#x433;&#x440;&#x43E;&#x434;&#x441;&#x43A;&#x430;&#x44F;</subfield>
    <subfield code="b">&#x412;. &#x411;.</subfield>
    <subfield code="g">&#x412;&#x435;&#x440;&#x43E;&#x43D;&#x438;&#x43A;&#x430; &#x411;&#x440;&#x43E;&#x43D;&#x438;&#x441;&#x43B;&#x430;&#x432;&#x43E;&#x432;&#x43D;&#x430;</subfield>
    <subfield code="9">48795</subfield>
    <subfield code="3">RU\NLR\AUTH\7765866</subfield>
  </datafield>
  <datafield tag="711" ind1="1" ind2="2">
    <subfield code="a">"&#x41A;&#x438;&#x442;&#x430;&#x439; &#x438; &#x412;&#x43E;&#x441;&#x442;&#x43E;&#x447;&#x43D;&#x430;&#x44F; &#x410;&#x437;&#x438;&#x44F;: &#x444;&#x438;&#x43B;&#x43E;&#x441;&#x43E;&#x444;&#x438;&#x44F;, &#x43B;&#x438;&#x442;&#x435;&#x440;&#x430;&#x442;&#x443;&#x440;&#x430;, &#x43A;&#x443;&#x43B;&#x44C;&#x442;&#x443;&#x440;&#x430;", &#x43C;&#x435;&#x436;&#x434;&#x443;&#x43D;&#x430;&#x440;&#x43E;&#x434;&#x43D;&#x430;&#x44F; &#x43D;&#x430;&#x443;&#x447;&#x43D;&#x430;&#x44F; &#x43A;&#x43E;&#x43D;&#x444;&#x435;&#x440;&#x435;&#x43D;&#x446;&#x438;&#x44F;</subfield>
    <subfield code="d">25</subfield>
    <subfield code="e">&#x41C;&#x43E;&#x441;&#x43A;&#x432;&#x430;</subfield>
    <subfield code="f">2024</subfield>
    <subfield code="9">2656835</subfield>
    <subfield code="3">RU\NLR\AUTH\880624467</subfield>
  </datafield>
  <datafield tag="942" ind1=" " ind2=" ">
    <subfield code="c">BOOK</subfield>
  </datafield>
  <datafield tag="980" ind1=" " ind2=" ">
    <subfield code="a">NB</subfield>
  </datafield>
</record>
